000 01002cam a22002651ia4500
003 SA-RiAUC
005 20250102083515.0
008 241229s1983 su g o 00010 ara c
040 _aSA-MdTU
_bara
_cSA-RiAUC
_erda
082 0 4 _a028.1
_qSA-RiAUC
090 _a028.1
_bع ا م
100 1 _aالعامودي، محمد سعيد،
_d1323-1411 هجري
_eمؤلف.
245 1 0 _aمن حديث الكتب /
_cمحمد سعيد العامودي.
250 _aالطبعة الثانية.
264 1 _aجدة، السعودية :
_bتهامة،
_c1983
300 _a3 مجلد (330 ؛ 271 ؛ 305 صفحة) ؛
_c24 سم.
336 _aنص
_btxt
_2rdacontent
_3كتاب
337 _aبدون وسيط
_bn
_2rdamedia
338 _aمجلد
_bnc
_2rdacarrier
490 1 _aالكتاب العربي السعودي ؛
_v77
650 7 _aالكتب
_vمراجعات
_2aucsh
830 2 _aالكتاب العربي السعودي
_v77
942 _2ddc
_cBOOK
_n0
949 _aSA-JeALM
_d241229
_umohamedma123
_n1
999 _c4344
_d4344